01496nam a2200301 a 450000100100000000500170001000800410002702000180006804000250008608200170011110000520012824500560018026000350023630000280027149000250029950400740032459000260039865000270042465000310045183000310048291000380051395201300055195201300068195201300081195201150094195201210105699900170117700001599720200929164230.0100223s2008 dr a r 000 d spa d a9789945408157 aDO-SdBNPbspacBNPHU a862.3bC146v1 aCalderón de la Barca, Pedro,d1600-16819554713aLa vida es sueño /cPedro Calderón de la Barca. aSanto Domingo :bArgos,c2008. a110 p. :bil. ;c21 cm.1 aLiteratura Universal aIncluye referencias bibliográficas y notas al pie de las páginas. aInventariado, 2019/DG 4aTeatro español93071 4aLiteratura española9632 0aLiteratura Universal91125 aValidado. Control de calidad. EMS 001054708DSaGRbGRcHDd2011-04-12iLF1l0o862.3 C146vp15997-30r2020-06-25te. 3w2020-06-25yLFDSZPréstamo en sala 001054708DSaGRbGRcHDd2011-04-12iLF1l0o862.3 C146vp15997-40r2020-06-25te. 4w2020-06-25yLFDSZPréstamo en sala 001054708DSaGRbGRcHDd2019-02-15iLF1l0o862.3 C146vp15997-70r2020-06-25te. 5w2020-06-25yLFDSZPréstamo en sala 0010718PDaPDbPDcHDd2010-02-23iLF1l0o862.3 C146vp15997-10r2020-06-25w2020-06-25yLFPDZNo se presta 0010718PDaPDbPDcHDd2011-02-10iLF1l0o862.3 C146vp15997-20r2020-06-25te. 2w2020-06-25yLFPDZNo se presta c15539d15539